| 000 | 01422nam a22002177a 4500 | ||
|---|---|---|---|
| 003 | OSt | ||
| 005 | 20260602123033.0 | ||
| 008 | 260602b |||||||| |||| 00| 0 eng d | ||
| 020 | _a9781529403619 | ||
| 040 | _aKenya National Library Service | ||
| 082 | _a813.6 HOF | ||
| 100 | _aHofmann, Jennifer | ||
| 245 |
_aThe Standardization of demoralization procedures / _cJennifer Hofmann. |
||
| 300 |
_a258 pages : _c20 cm. |
||
| 520 | _a"On November 9, 1989, Bernd Zeiger, a Stasi officer in the twilight of his career, is deteriorating from a mysterious illness. Alarmed by the disappearance of Lara, a young waitress at his regular café with whom he is obsessed, he chases a series of clues throughout Berlin. The details of Lara's vanishing trigger flashbacks to his entanglement with Johannes Held, a physicist who, twenty-five years earlier, infiltrated an American research institute dedicated to weaponizing the paranormal. Now, on the day the Berlin Wall falls and Zeiger's mind begins to crumble, his past transgressions have come back to haunt him. Who is the real Lara, what happened to her, and what is her connection to these events? As the surveiller becomes the surveilled, the mystery is both solved and deepened, with unexpected consequences". | ||
| 650 |
_aSatire _vFiction. |
||
| 650 |
_aSuspense _vFiction. |
||
| 942 |
_2ddc _cBK _n0 |
||
| 999 |
_c492954 _d492954 |
||